|
|
|
|
| LEADER |
00000nab a2200000ua 4500 |
| 001 |
vtls010779957 |
| 003 |
SK-MaSNL |
| 005 |
20260303153031.0 |
| 008 |
230222s xo |||||||||||||||||slo| |
| 035 |
|
|
|a (urnnbn)urn:nbn:sk:snk:ar-a00acj
|
| 035 |
|
|
|a (uuid)a0510185-a3e7-48fc-95ec-dc98e27e28a4
|
| 035 |
|
|
|a urn:nbn:sk:snk-ab46g0
|
| 040 |
|
|
|a SNKBUCL
|b slo
|c SNKBUCL
|e AACR2
|
| 041 |
0 |
|
|a slo
|
| 044 |
|
|
|a xo
|c SK
|
| 100 |
1 |
|
|a Sojka, J.
|4 aut
|9 356725
|
| 245 |
1 |
0 |
|a Pomôžme deťom cigánskeho pôvodu
|c J. Sojka
|
| 773 |
0 |
|
|t Rodina a škola
|g Roč. 10, č. 11 - 12 (1962-1963), s. 299-300
|
| 954 |
|
|
|a odborná, vedecká literatúra pôvodná (slovenská)
|2 lita
|
| 958 |
|
|
|a OND
|
| 958 |
|
|
|a EUIPO
|
| 958 |
|
|
|a article3
|
| 999 |
|
|
|c 2026113
|d 2028043
|